[Event "chess.com Speed Chess"]
[Site "chess.com INT"]
[Date "2020.11.01"]
[EventDate "2020.11.01"]
[Round "1.29"]
[Result "1/2-1/2"]
[White "Sarin Nihal"]
[Black "Maxime Vachier-Lagrave"]
[WhiteElo "2620"]
[BlackElo "2784"]
[PlyCount "69"]

1. d4 d5 2. Bf4 Nf6 3. e3 e6 4. Nd2 Bd6 5. Bg3 O-O 6. Ngf3 b6
7. Bd3 Ba6 8. O-O c5 9. dxc5 Bxc5 10. Qe2 Bxd3 11. cxd3 Nc6
12. Rac1 Rc8 13. d4 Bd6 14. Qb5 Qd7 15. Bxd6 Qxd6 16. Rc3 Qb4
17. Qxb4 Nxb4 18. Rfc1 Rxc3 19. Rxc3 Nxa2 20. Ra3 Nb4 21. Rxa7
Nd3 22. Rb7 Nxb2 23. Rxb6 Na4 24. Rc6 Rb8 25. h3 Nb6 26. Ne5
Nfd7 27. Ndf3 Nxe5 28. Nxe5 h6 29. g4 Rb7 30. Kg2 g6 31. Rd6
Kg7 32. Rd8 Rc7 33. h4 Nc4 34. Rd7 Rxd7 35. Nxd7 1/2-1/2

[Event "chess.com Speed Chess"]
[Site "chess.com INT"]
[Date "2020.11.01"]
[EventDate "2020.11.01"]
[Round "1.31"]
[Result "1/2-1/2"]
[White "Maxime Vachier-Lagrave"]
[Black "Sarin Nihal"]
[WhiteElo "2784"]
[BlackElo "2620"]
[PlyCount "63"]

1. e4 e5 2. Nf3 Nc6 3. Bb5 a6 4. Ba4 Nf6 5. O-O Be7 6. d3 b5
7. Bb3 d6 8. a3 O-O 9. Nc3 Na5 10. Ba2 Be6 11. b4 Bxa2
12. Rxa2 Nc6 13. Bg5 Ng4 14. Bd2 Nf6 15. Re1 Qd7 16. Nd5 Nxd5
17. exd5 Na7 18. a4 c6 19. dxc6 Nxc6 20. c4 d5 21. axb5 axb5
22. Rxa8 Rxa8 23. cxb5 Nxb4 24. Nxe5 Qxb5 25. Qg4 Nc2 26. Rf1
Bf6 27. Bf4 Nd4 28. Bg3 Ne6 29. Qf5 Nd4 30. Qg4 Ne6 31. Qf5
Nd4 32. Qg4 1/2-1/2

[Event "chess.com Speed Chess"]
[Site "chess.com INT"]
[Date "2020.11.01"]
[EventDate "2020.11.01"]
[Round "1.32"]
[Result "1/2-1/2"]
[White "Sarin Nihal"]
[Black "Maxime Vachier-Lagrave"]
[WhiteElo "2620"]
[BlackElo "2784"]
[PlyCount "148"]

1. Nf3 c5 2. c4 Nc6 3. Nc3 Nf6 4. g3 g6 5. Bg2 Bg7 6. O-O O-O
7. d4 cxd4 8. Nxd4 Nxd4 9. Qxd4 d6 10. b3 Bf5 11. Bb2 Ne4
12. Qe3 Nxc3 13. Bxc3 Bxc3 14. Qxc3 Qd7 15. Rad1 Rfc8 16. Qe3
a6 17. h4 h5 18. Qb6 Rab8 19. Rd2 Qc7 20. Qe3 b5 21. Rc1 Be6
22. Bd5 Bxd5 23. Rxd5 e6 24. Rdd1 bxc4 25. Rxc4 Qd7 26. Rcd4
d5 27. Qd3 Qb5 28. Qf3 Rc2 29. R1d2 Rbc8 30. Kg2 Rxd2 31. Rxd2
Qb4 32. Qd3 a5 33. Rc2 Rxc2 34. Qxc2 Kg7 35. e3 d4 36. exd4
Qxd4 37. Qc6 Qd2 38. a3 Qd3 39. Qa4 Qd5+ 40. Kh2 Qc5 41. Kg1
Qc1+ 42. Kg2 Qc5 43. b4 Qd5+ 44. Kg1 axb4 45. axb4 Qd4 46. Qb3
Kf6 47. b5 Qb6 48. Qc4 Ke7 49. Qb4+ Kd7 50. Qc4 Ke7 51. Kf1
Kd7 52. Ke2 Ke7 53. Qb4+ Kd7 54. Qc4 Ke7 55. Kf3 Qb7+ 56. Ke3
Qb6+ 57. Ke2 Kd7 58. Qa4 Ke7 59. Qa6 Qc5 60. b6 Qc2+ 61. Kf1
Qc1+ 62. Kg2 Qc6+ 63. Kg1 Qc1+ 64. Kh2 Qc5 65. Qa7+ Kf8
66. Qa8+ Ke7 67. Qb7+ Kf8 68. Kg2 Kg7 69. Qc7 Qd5+ 70. Kh2 Qd4
71. Kg1 Qd1+ 72. Kg2 Qd5+ 73. Kh2 Qd4 74. Kg2 Qd5+ 1/2-1/2

[Event "chess.com Speed Chess"]
[Site "chess.com INT"]
[Date "2020.11.01"]
[EventDate "2020.11.01"]
[Round "1.33"]
[Result "0-1"]
[White "Maxime Vachier-Lagrave"]
[Black "Sarin Nihal"]
[WhiteElo "2784"]
[BlackElo "2620"]
[PlyCount "94"]

1. e4 c6 2. Nf3 d5 3. Nc3 dxe4 4. Nxe4 Nf6 5. Qe2 Na6 6. Nxf6+
gxf6 7. d4 Bf5 8. c3 Qd5 9. Qc4 Nc7 10. Qxd5 Nxd5 11. Be2 Rg8
12. g3 e6 13. Nh4 Bh3 14. Bd2 Bd6 15. O-O-O O-O-O 16. Rhe1 Rd7
17. f4 Ne7 18. Bh5 Nf5 19. Nxf5 Bxf5 20. Re2 Kc7 21. Rde1 a5
22. Be3 a4 23. Bf2 b5 24. Bf3 b4 25. c4 Bd3 26. c5 Be7 27. Rd2
Bc4 28. Kb1 Bd5 29. Bh5 Rf8 30. f5 exf5 31. Be3 Be4+ 32. Kc1
Kb7 33. Bd1 Ra8 34. g4 fxg4 35. Bxg4 f5 36. Bh5 Bf6 37. Bd1 a3
38. Bb3 Rad8 39. bxa3 bxa3 40. Red1 f4 41. Bxf4 Bxd4 42. Rxd4
Rxd4 43. Re1 Bd5 44. Re7+ Ka6 45. Be5 Bxb3 46. Bxd4 Rxd4
47. axb3 Rd1+ 0-1

[Event "chess.com Speed Chess"]
[Site "chess.com INT"]
[Date "2020.11.01"]
[EventDate "2020.11.01"]
[Round "1.34"]
[Result "1-0"]
[White "Sarin Nihal"]
[Black "Maxime Vachier-Lagrave"]
[WhiteElo "2620"]
[BlackElo "2784"]
[PlyCount "71"]

1. b3 Nf6 2. Bb2 g6 3. Nf3 Bg7 4. g3 O-O 5. Bg2 c5 6. c4 Nc6
7. O-O d6 8. d4 Ne4 9. Nbd2 Bf5 10. e3 Qd7 11. Nh4 Nxd2
12. Qxd2 Bh3 13. dxc5 Bxb2 14. Qxb2 dxc5 15. Rad1 Qe6 16. Rd5
Rad8 17. Rfd1 Rd6 18. Rxd6 exd6 19. Bxh3 Qxh3 20. Rxd6 Re8
21. Qf6 Ne5 22. Nf3 Ng4 23. Qf4 b6 24. Rd7 Rf8 25. Rxf7 Rd8
26. Rg7+ Kxg7 27. Qc7+ Kh6 28. Qxd8 Kg7 29. Qe7+ Kg8 30. Qxa7
Qh5 31. Qb8+ Kg7 32. Qc7+ Kg8 33. Qxb6 Qf5 34. Qb8+ Kg7
35. Qf4 Qb1+ 36. Kg2 1-0

[Event "chess.com Speed Chess"]
[Site "chess.com INT"]
[Date "2020.11.01"]
[EventDate "2020.11.01"]
[Round "1.35"]
[Result "1-0"]
[White "Maxime Vachier-Lagrave"]
[Black "Sarin Nihal"]
[WhiteElo "2784"]
[BlackElo "2620"]
[PlyCount "89"]

1. e4 c6 2. Nf3 d5 3. Nc3 dxe4 4. Nxe4 Nf6 5. Qe2 Bf5 6. Nxf6+
gxf6 7. d3 Nd7 8. g3 e6 9. Bg2 Qc7 10. O-O O-O-O 11. Rb1 h5
12. b4 Nb6 13. b5 c5 14. Nh4 Bh7 15. Qxh5 Bd6 16. Qe2 Nd5
17. Bd2 Be5 18. a4 Rdg8 19. a5 Qd7 20. Nf3 Bc3 21. a6 b6
22. Nh4 Bxd2 23. Qxd2 Nc7 24. Bc6 Qd4 25. Nf3 Qg4 26. Rfe1 Bf5
27. Qe2 Qh3 28. Qf1 Qh5 29. Qg2 Bh3 30. Qh1 Bg4 31. Nd2 Nd5
32. Bxd5 exd5 33. c4 Rd8 34. Re7 Qg5 35. f4 Qf5 36. Qg2 Qxd3
37. Rxa7 Be2 38. Re7 Rhe8 39. a7 Rxe7 40. a8=Q+ Kc7 41. Qc6+
Kb8 42. Qxb6+ Kc8 43. Qc6+ Rc7 44. Qa8+ Kd7 45. Qaxd5+ 1-0

[Event "chess.com Speed Chess"]
[Site "chess.com INT"]
[Date "2020.11.01"]
[EventDate "2020.11.01"]
[Round "1.36"]
[Result "0-1"]
[White "Sarin Nihal"]
[Black "Maxime Vachier-Lagrave"]
[WhiteElo "2620"]
[BlackElo "2784"]
[PlyCount "70"]

1. b3 Nf6 2. Bb2 g6 3. Nf3 Bg7 4. g3 b6 5. Bg2 Bb7 6. O-O O-O
7. c4 c5 8. Nc3 d5 9. cxd5 Nxd5 10. Qc1 Nc7 11. Rd1 Nc6
12. Ne4 Bxb2 13. Qxb2 Ne6 14. d3 Rc8 15. Rac1 Rc7 16. h4 Ned4
17. Nxd4 Qxd4 18. Qd2 Rd8 19. Qf4 Qe5 20. Qxe5 Nxe5 21. d4
Bxe4 22. Bxe4 Rcd7 23. e3 cxd4 24. exd4 Rxd4 25. Rxd4 Rxd4
26. Ba8 Rd8 27. Be4 a5 28. Rc7 Rd7 29. Rc8+ Kg7 30. Rb8 Rd6
31. Rb7 e6 32. Kg2 Ng4 33. Bf3 Ne5 34. Be4 Rd2 35. Bf3 Nd3 0-1

[Event "chess.com Speed Chess"]
[Site "chess.com INT"]
[Date "2020.11.01"]
[EventDate "2020.11.01"]
[Round "1.37"]
[Result "1-0"]
[White "Maxime Vachier-Lagrave"]
[Black "Sarin Nihal"]
[WhiteElo "2784"]
[BlackElo "2620"]
[PlyCount "63"]

1. e4 g6 2. d4 Bg7 3. Nf3 d6 4. Bc4 e6 5. Bb3 Ne7 6. O-O Nd7
7. c3 h6 8. Re1 a6 9. Nbd2 b6 10. Nf1 Bb7 11. Ng3 O-O 12. h3
c5 13. Be3 Rc8 14. Qd2 Kh7 15. Rac1 d5 16. e5 cxd4 17. cxd4
Nc6 18. Bc2 Qe7 19. a3 Na5 20. h4 Nc4 21. Qe2 Nxb2 22. h5 Nc4
23. hxg6+ fxg6 24. Nh5 Nxe3 25. fxe3 Rxf3 26. Qxf3 Rxc2
27. Rxc2 gxh5 28. Rc7 Ba8 29. Rec1 a5 30. Ra7 Qxa3 31. Rcc7
Bc6 32. Rxc6 1-0

[Event "chess.com Speed Chess"]
[Site "chess.com INT"]
[Date "2020.11.01"]
[EventDate "2020.11.01"]
[Round "1.38"]
[Result "1-0"]
[White "Sarin Nihal"]
[Black "Maxime Vachier-Lagrave"]
[WhiteElo "2620"]
[BlackElo "2784"]
[PlyCount "61"]

1. Nf3 Nf6 2. c4 c5 3. Nc3 Nc6 4. d4 cxd4 5. Nxd4 e6 6. g3 Bc5
7. Nb3 Bb4 8. Bg2 O-O 9. O-O Bxc3 10. bxc3 Qe7 11. a4 Rd8
12. Ba3 d6 13. Nd4 Na5 14. Qd3 e5 15. Nb5 e4 16. Bxd6 Qe6
17. Qc2 Rxd6 18. Nc7 Qe7 19. Nxa8 Nxc4 20. Rad1 Rc6 21. Rd4
Bf5 22. Qb3 Ne5 23. Qxb7 Qf8 24. Rfd1 Rxc3 25. Rd8 Ne8 26. Qb5
Nc6 27. Qxf5 Nxd8 28. Rxd8 Rc1+ 29. Bf1 Qe7 30. Rd7 Qb4
31. Qxf7+ 1-0

[Event "chess.com Speed Chess"]
[Site "chess.com INT"]
[Date "2020.11.01"]
[EventDate "2020.11.01"]
[Round "1.39"]
[Result "1-0"]
[White "Maxime Vachier-Lagrave"]
[Black "Sarin Nihal"]
[WhiteElo "2784"]
[BlackElo "2620"]
[PlyCount "93"]

1. d4 d5 2. Bf4 c6 3. e3 Nf6 4. Nd2 Bf5 5. Ngf3 e6 6. Be2 Bd6
7. Bg3 O-O 8. O-O h6 9. c4 Bxg3 10. hxg3 Nbd7 11. Qb3 Qb6
12. Rfc1 Ne4 13. Nxe4 Bxe4 14. Nd2 Bg6 15. Rc3 Nf6 16. Rac1
Rfd8 17. Qa3 a6 18. Rb3 Qc7 19. Nf3 Bh5 20. Bd3 Bxf3 21. gxf3
g6 22. f4 Kg7 23. Kg2 h5 24. Qb4 Rab8 25. c5 Rh8 26. Rh1 Qe7
27. f3 Nd7 28. Qc3 h4 29. g4 h3+ 30. Kf1 h2 31. Qe1 Rh3
32. Qf2 Rbh8 33. Rxb7 Qd8 34. g5 Nf8 35. b4 e5 36. dxe5 Ne6
37. f5 Nxg5 38. f6+ Kf8 39. Be2 Kg8 40. Qg2 Ne6 41. Bd3 R3h6
42. f4 d4 43. Qxc6 dxe3 44. Qd6 Kh7 45. Rxf7+ Kg8 46. Rg7+
Nxg7 47. Qxd8+ 1-0

[Event "chess.com Speed Chess"]
[Site "chess.com INT"]
[Date "2020.11.01"]
[EventDate "2020.11.01"]
[Round "1.310"]
[Result "1/2-1/2"]
[White "Sarin Nihal"]
[Black "Maxime Vachier-Lagrave"]
[WhiteElo "2620"]
[BlackElo "2784"]
[PlyCount "83"]

1. Nf3 Nf6 2. b3 g6 3. Bb2 Bg7 4. e3 O-O 5. Be2 b6 6. d4 Bb7
7. O-O e6 8. c4 d6 9. Nc3 Nbd7 10. Rc1 a6 11. h3 c5 12. Qc2
Qe7 13. Rfd1 Rfd8 14. Rd2 Rac8 15. Rcd1 cxd4 16. Nxd4 d5
17. Qb1 dxc4 18. Bxc4 b5 19. Be2 Nb6 20. Bf3 Bxf3 21. Nxf3
Rxd2 22. Rxd2 b4 23. Ne4 Nxe4 24. Qxe4 Bxb2 25. Rxb2 Rc1+
26. Kh2 Qd6+ 27. g3 Qd1 28. g4 Nd5 29. Rd2 Qh1+ 30. Kg3 Rg1+
31. Kh4 h6 32. Rxd5 exd5 33. Qe8+ Kg7 34. Qe5+ Kh7 35. Qf4 g5+
36. Nxg5+ hxg5+ 37. Kxg5 Kg7 38. Qf6+ Kg8 39. Qd8+ Kg7
40. Qf6+ Kg8 41. Qd8+ Kg7 42. Qf6+ 1/2-1/2

[Event "Skilling Open"]
[Site "chess24.com INT"]
[Date "2020.11.24"]
[EventDate "2020.11.22"]
[Round "11.1"]
[Result "1/2-1/2"]
[White "Wesley So"]
[Black "Maxime Vachier-Lagrave"]
[WhiteElo "2770"]
[BlackElo "2784"]
[PlyCount "58"]

1. d4 Nf6 2. c4 g6 3. Nc3 d5 4. cxd5 Nxd5 5. e4 Nxc3 6. bxc3
Bg7 7. Nf3 c5 8. Rb1 O-O 9. Be2 cxd4 10. cxd4 Qa5+ 11. Bd2
Qxa2 12. O-O Bg4 13. Rxb7 Bxf3 14. Bxf3 Bxd4 15. e5 Na6
16. Rxe7 Rad8 17. e6 fxe6 18. Qe1 Bf6 19. Rxa7 Rxd2 20. Rxa6
Qxa6 21. Qxd2 Qb6 22. g3 Bd4 23. Kg2 Rxf3 24. Kxf3 Qb7+
25. Ke2 Qe4+ 26. Kd1 Qb1+ 27. Ke2 Qe4+ 28. Kd1 Qb1+ 29. Ke2
Qe4+ 1/2-1/2

[Event "Skilling Open"]
[Site "chess24.com INT"]
[Date "2020.11.24"]
[EventDate "2020.11.22"]
[Round "12.1"]
[Result "1-0"]
[White "Maxime Vachier-Lagrave"]
[Black "Jan-Krzysztof Duda"]
[WhiteElo "2784"]
[BlackElo "2743"]
[PlyCount "87"]

1. e4 e5 2. Nf3 Nf6 3. Nxe5 d6 4. Nf3 Nxe4 5. d3 Nf6 6. d4 d5
7. Bd3 Bd6 8. Qe2+ Qe7 9. Qxe7+ Kxe7 10. O-O Nc6 11. Re1+ Kf8
12. c3 h6 13. Ne5 Ne7 14. Nd2 Bf5 15. Bf1 Rd8 16. g3 c6 17. a4
Ne8 18. a5 f6 19. Nd3 g5 20. Nc5 Bxc5 21. dxc5 a6 22. Nf3 Nc7
23. Nd4 Bc8 24. Bd3 Kf7 25. Be3 Ne6 26. Be2 h5 27. Nxe6 Bxe6
28. Ra4 h4 29. g4 h3 30. f4 d4 31. Bxd4 gxf4 32. g5 Nd5
33. Bxf6 Kg6 34. Bxd8 Rxd8 35. Rd4 Rf8 36. Bxa6 bxa6 37. Rxe6+
Kxg5 38. Rxc6 Ne3 39. Re6 Kf5 40. Ree4 Rg8+ 41. Kf2 Ng4+
42. Ke1 Nxh2 43. Rxf4+ Ke5 44. Ke2 1-0

[Event "Skilling Open"]
[Site "chess24.com INT"]
[Date "2020.11.24"]
[EventDate "2020.11.22"]
[Round "13.1"]
[Result "1-0"]
[White "Peter Svidler"]
[Black "Maxime Vachier-Lagrave"]
[WhiteElo "2723"]
[BlackElo "2784"]
[PlyCount "79"]

1. e4 c5 2. Nf3 d6 3. d4 cxd4 4. Nxd4 Nf6 5. Nc3 a6 6. Nb3 e6
7. g4 b5 8. Bg2 Bb7 9. g5 Nfd7 10. h4 Be7 11. f4 h6 12. Qg4
Nc6 13. Be3 Na5 14. O-O-O Nc4 15. Bf2 Qc7 16. Nd4 h5 17. Qh3
b4 18. g6 bxc3 19. gxf7+ Kxf7 20. Qxe6+ Kf8 21. Qf5+ Kg8
22. Qe6+ Kh7 23. Bh3 Bf6 24. Bf5+ Kh6 25. b3 Nf8 26. Qxc4 Qxc4
27. bxc4 g6 28. Rhg1 Rg8 29. Nb3 Re8 30. Rxd6 Be7 31. Rb6 Bxe4
32. Bxe4 Ba3+ 33. Kb1 Rxe4 34. Rxa6 Be7 35. Re1 Rxe1+ 36. Bxe1
Nd7 37. Ra7 Rd8 38. Bxc3 Bxh4 39. Ba5 Bf2 40. c5 1-0

[Event "Airthings Masters"]
[Site "chess24.com INT"]
[Date "2020.12.26"]
[EventDate "2020.12.26"]
[Round "1.1"]
[Result "1/2-1/2"]
[White "Pentala Harikrishna"]
[Black "Maxime Vachier-Lagrave"]
[WhiteElo "2732"]
[BlackElo "2784"]
[PlyCount "54"]

1. e4 c5 2. Nf3 d6 3. Bb5+ Nd7 4. O-O a6 5. Bd3 Ngf6 6. c3 b5
7. a4 Bb7 8. axb5 axb5 9. Rxa8 Qxa8 10. Bxb5 Bxe4 11. d4 Bxb1
12. dxc5 Be4 13. Re1 e6 14. Rxe4 Qxe4 15. c6 Be7 16. Nd2 Qd5
17. cxd7+ Nxd7 18. Qa4 Qb7 19. Bc6 Qc7 20. Nc4 d5 21. Ne5 Qxe5
22. Bxd7+ Kd8 23. Qa8+ Kxd7 24. Qa4+ Kd8 25. Qa8+ Kd7 26. Qa4+
Kd8 27. Qa8+ Kd7 1/2-1/2

[Event "Airthings Masters"]
[Site "chess24.com INT"]
[Date "2020.12.26"]
[EventDate "2020.12.26"]
[Round "3.1"]
[Result "1/2-1/2"]
[White "Daniil Dubov"]
[Black "Maxime Vachier-Lagrave"]
[WhiteElo "2702"]
[BlackElo "2784"]
[PlyCount "137"]

1. Nf3 Nf6 2. c4 c5 3. Nc3 Nc6 4. d4 cxd4 5. Nxd4 e6 6. g3 Bc5
7. Nb3 Be7 8. Bg2 O-O 9. Bf4 d6 10. O-O h6 11. Qd2 e5 12. Be3
Be6 13. Nd5 Qd7 14. Rfd1 Rfd8 15. Rac1 Rac8 16. Qe1 b6
17. Nxf6+ Bxf6 18. c5 d5 19. cxb6 Be7 20. bxa7 Bb4 21. Qf1
Nxa7 22. Bc5 Qa4 23. Bxb4 Qxb4 24. Qe1 Qxe1+ 25. Rxe1 d4
26. Bb7 Rb8 27. Nc5 Bd5 28. Bxd5 Rxd5 29. Rc2 f5 30. Rec1 e4
31. Ne6 Rd6 32. Nf4 g5 33. Nh5 d3 34. exd3 exd3 35. Rd2 Nc6
36. Rc5 Nd4 37. Kg2 Nc2 38. Rd5 Rxd5 39. Nf6+ Kf7 40. Nxd5
Rxb2 41. Kh3 Kg6 42. g4 fxg4+ 43. Kg3 Rxa2 44. Rxd3 h5 45. Ne3
Ra1 46. f3 h4+ 47. Kxg4 Rg1+ 48. Kh3 Ne1 49. Rd6+ Kf7 50. Rd1
Kg6 51. Rd6+ Kf7 52. Rd1 Kf6 53. Nc2 Nxf3 54. Rxg1 Nxg1+
55. Kg4 Ne2 56. Ne3 Nf4 57. Kf3 Nd3 58. Ke4 Nc5+ 59. Kf3 Kg6
60. Ng4 Ne6 61. Ke4 Nc5+ 62. Kf3 Nd7 63. Ke4 Nf6+ 64. Kf3 Nxg4
65. Kxg4 h3 66. Kxh3 Kh5 67. Kg3 g4 68. h3 gxh3 69. Kxh3
1/2-1/2

[Event "Airthings Masters"]
[Site "chess24.com INT"]
[Date "2020.12.26"]
[EventDate "2020.12.26"]
[Round "4.1"]
[Result "0-1"]
[White "Maxime Vachier-Lagrave"]
[Black "Ian Nepomniachtchi"]
[WhiteElo "2784"]
[BlackElo "2784"]
[PlyCount "138"]

1. e4 c5 2. Nf3 d6 3. d4 cxd4 4. Nxd4 Nf6 5. Nc3 a6 6. Bd3 e5
7. Nde2 Nc6 8. Nd5 Nxd5 9. exd5 Nb4 10. Be4 a5 11. c3 Na6
12. Bc2 g6 13. h4 h5 14. Bg5 Be7 15. Qd2 Nc5 16. c4 Bd7
17. Nc3 Bxg5 18. hxg5 Qb6 19. O-O-O Qb4 20. Rh4 a4 21. Re1 O-O
22. a3 Nb3+ 23. Bxb3 Qxb3 24. Qc2 Qxc2+ 25. Kxc2 Rfc8 26. Kd2
Kg7 27. Rc1 Bf5 28. f3 f6 29. gxf6+ Kxf6 30. g4 hxg4 31. fxg4
Kg5 32. Rh2 Bxg4 33. Ne4+ Kf4 34. Kd3 Rh8 35. Rf2+ Bf3 36. Rg1
Rh2 37. Rxh2 Bxe4+ 38. Kd2 Bf5 39. Rf1+ Kg5 40. Rh7 b5 41. c5
dxc5 42. Rc7 c4 43. Rb7 Rh8 44. Rxb5 Rh3 45. Rb4 Rd3+ 46. Kc1
c3 47. Rxa4 cxb2+ 48. Kxb2 Rd2+ 49. Kc1 Rxd5 50. Rg1+ Kh6
51. Rc4 Rd3 52. a4 e4 53. Kb2 e3 54. Re1 Kg5 55. a5 Rd2+
56. Kc3 Ra2 57. Kb4 e2 58. Rc3 Kf4 59. a6 Be4 60. a7 Bf3
61. Rc7 g5 62. Kb5 Kg3 63. Re7 Kf2 64. Rb1 g4 65. Kb6 g3
66. Re8 g2 67. Rf8 Ra3 68. Rc1 e1=Q 69. Rxf3+ Rxf3 0-1

[Event "Airthings Masters"]
[Site "chess24.com INT"]
[Date "2020.12.27"]
[EventDate "2020.12.26"]
[Round "5.1"]
[Result "1/2-1/2"]
[White "David Anton Guijarro"]
[Black "Maxime Vachier-Lagrave"]
[WhiteElo "2675"]
[BlackElo "2784"]
[PlyCount "167"]

1. e4 c5 2. Nf3 d6 3. Bb5+ Nd7 4. c3 Nf6 5. Bd3 g6 6. O-O Bg7
7. Re1 O-O 8. Bf1 e5 9. d4 exd4 10. cxd4 cxd4 11. Nxd4 Nc5
12. Nc3 Re8 13. f3 a6 14. Bg5 h6 15. Bh4 b5 16. a3 Bb7 17. Rc1
Rc8 18. Bf2 Ncd7 19. Qd2 Ne5 20. Rcd1 Re7 21. Nc2 Rd7 22. Nb4
Nc4 23. Bxc4 Rxc4 24. Qe2 Qe8 25. Rd2 Qe6 26. Red1 Rc8 27. Bd4
Re8 28. Qf2 h5 29. Nbd5 Nxd5 30. Bxg7 Kxg7 31. Nxd5 Bxd5
32. Rxd5 Qf6 33. Qd4 Qxd4+ 34. R5xd4 Rc8 35. h4 Rc2 36. Rxd6
Rxd6 37. Rxd6 a5 38. b3 Rc3 39. Ra6 Rxb3 40. Rxa5 b4 41. axb4
Rxb4 42. Kf2 Rb2+ 43. Kg3 Rc2 44. Ra1 Rb2 45. Rf1 Kf6 46. Rf2
Rb1 47. Kf4 Ra1 48. Rb2 Ra6 49. Rb5 Ra2 50. Rb6+ Kg7 51. g3
Rf2 52. Rb7 Rf1 53. Re7 Kf6 54. Ra7 Kg7 55. e5 Re1 56. Ra4 Rb1
57. Re4 Rb3 58. e6 fxe6 59. Rxe6 Rb4+ 60. Re4 Rb3 61. Rd4 Rb5
62. Ke4 Kf6 63. Rd6+ Kg7 64. Rd5 Rb3 65. Kf4 Kh6 66. Rd6 Rb4+
67. Ke5 Rb3 68. Ke4 Rb4+ 69. Rd4 Rb7 70. f4 Re7+ 71. Kf3 Kg7
72. Rd5 Ra7 73. f5 gxf5 74. Kf4 Ra4+ 75. Kxf5 Rg4 76. Rd7+ Kg8
77. Rd3 Kg7 78. Rc3 Kg8 79. Kf6 Kh7 80. Re3 Rg6+ 81. Kf5 Rg4
82. Kf6 Rg6+ 83. Kf5 Rg4 84. Kf6 1/2-1/2

[Event "Airthings Masters"]
[Site "chess24.com INT"]
[Date "2020.12.27"]
[EventDate "2020.12.26"]
[Round "6.1"]
[Result "1/2-1/2"]
[White "Maxime Vachier-Lagrave"]
[Black "Levon Aronian"]
[WhiteElo "2784"]
[BlackElo "2781"]
[PlyCount "113"]

1. c4 Nf6 2. Nc3 e6 3. e4 d5 4. e5 d4 5. exf6 dxc3 6. bxc3
Qxf6 7. Nf3 Nc6 8. d4 e5 9. Bg5 Qg6 10. d5 Nb8 11. h4 h6
12. h5 Qa6 13. Be3 Nd7 14. Bd3 Ba3 15. O-O Qd6 16. Nh4 O-O
17. Nf5 Qf6 18. Bc2 Re8 19. g4 Bc5 20. Qf3 e4 21. Bxe4 Ne5
22. Qf4 Bxe3 23. fxe3 Qg5 24. Qxg5 hxg5 25. d6 Bxf5 26. Rxf5
c6 27. c5 Nxg4 28. Bf3 Nh6 29. Rxg5 Rxe3 30. Kf2 Rxc3 31. Rb1
b6 32. Bxc6 Rd8 33. d7 f6 34. Re1 Rc2+ 35. Kf1 Rxd7 36. Bxd7
fxg5 37. c6 Kf7 38. Re3 g4 39. Ra3 a5 40. Rb3 Ke7 41. a3 Kd6
42. Rxb6 Nf7 43. Bxg4 Rxc6 44. Rb7 Rc7 45. Rb3 Ne5 46. Be2 g6
47. Rb6+ Kc5 48. Rb5+ Kd4 49. hxg6 Nxg6 50. Rxa5 Nf4 51. Bg4
Rc2 52. Ra8 Ra2 53. Rd8+ Ke3 54. Re8+ Kd4 55. Rd8+ Ke3
56. Re8+ Kd4 57. Rd8+ 1/2-1/2

[Event "Airthings Masters"]
[Site "chess24.com INT"]
[Date "2020.12.27"]
[EventDate "2020.12.26"]
[Round "7.1"]
[Result "1/2-1/2"]
[White "Magnus Carlsen"]
[Black "Maxime Vachier-Lagrave"]
[WhiteElo "2862"]
[BlackElo "2784"]
[PlyCount "82"]

1. Nf3 Nf6 2. c4 g6 3. Nc3 d5 4. cxd5 Nxd5 5. h4 Nxc3 6. dxc3
Qxd1+ 7. Kxd1 f6 8. h5 g5 9. e4 e5 10. Nh2 Be6 11. Be2 Nd7
12. Bg4 Kf7 13. Ke2 Nc5 14. Bxe6+ Kxe6 15. f3 Na4 16. Rb1 Be7
17. Bd2 Rhd8 18. Rhd1 Nb6 19. Ng4 Rd7 20. Be3 Rxd1 21. Rxd1
Nc8 22. Nh6 b6 23. Nf5 Nd6 24. g4 Nxf5 25. exf5+ Kf7 26. Rd7
Rc8 27. b4 Ke8 28. Rd1 Rd8 29. Rxd8+ Kxd8 30. b5 Kd7 31. Kd3
c6 32. Kc4 Kc7 33. a4 Kb7 34. Kd3 h6 35. Ke4 Kc7 36. c4 Bb4
37. Kd3 Kd7 38. Kc2 Kd6 39. Kd3 Kd7 40. Kc2 Kd6 41. Kd3 Kd7
1/2-1/2

[Event "Airthings Masters"]
[Site "chess24.com INT"]
[Date "2020.12.27"]
[EventDate "2020.12.26"]
[Round "8.1"]
[Result "1/2-1/2"]
[White "Maxime Vachier-Lagrave"]
[Black "Wesley So"]
[WhiteElo "2784"]
[BlackElo "2770"]
[PlyCount "67"]

1. e4 e5 2. Nf3 Nc6 3. Bb5 a6 4. Ba4 Nf6 5. O-O Be7 6. Re1 b5
7. Bb3 O-O 8. a4 b4 9. a5 d6 10. d3 Be6 11. Bxe6 fxe6 12. Nbd2
Qc8 13. c3 Rb8 14. Nc4 Rb5 15. Bd2 Nd7 16. d4 bxc3 17. bxc3
Qe8 18. dxe5 Ndxe5 19. Ncxe5 Nxe5 20. Nd4 Rb2 21. Nxe6 Nf3+
22. gxf3 Qg6+ 23. Kh1 Qxe6 24. Rg1 Bf6 25. Be3 Be5 26. Rg2 Qf7
27. Bd4 Qxf3 28. Bxe5 Qxd1+ 29. Rxd1 dxe5 30. Rd7 Rf7 31. Rd8+
Rf8 32. Rd7 Rf7 33. Rd8+ Rf8 34. Rd7 1/2-1/2

[Event "Airthings Masters"]
[Site "chess24.com INT"]
[Date "2020.12.28"]
[EventDate "2020.12.26"]
[Round "9.1"]
[Result "1-0"]
[White "Anish Giri"]
[Black "Maxime Vachier-Lagrave"]
[WhiteElo "2764"]
[BlackElo "2784"]
[PlyCount "129"]

1. e4 c5 2. Nf3 d6 3. d4 cxd4 4. Nxd4 Nf6 5. Nc3 Nc6 6. Bc4 e6
7. Be3 a6 8. Qe2 Qc7 9. O-O-O Na5 10. Bd3 e5 11. Nb3 b5
12. Kb1 Be7 13. h3 Be6 14. g4 b4 15. Na4 Nc4 16. g5 Nd7
17. Nd2 Nxe3 18. Qxe3 O-O 19. h4 Rfc8 20. b3 Qa5 21. h5 Rc6
22. g6 Nf6 23. Rdg1 Rac8 24. gxf7+ Kxf7 25. Nf3 h6 26. Rg6 Bf8
27. Qe2 Ke8 28. Nd2 Qc7 29. Bc4 Bxc4 30. Nxc4 Rxc4 31. bxc4
Qc6 32. Rxf6 gxf6 33. Nb2 f5 34. f3 fxe4 35. fxe4 Rc7 36. Rf1
Rg7 37. c5 Qxc5 38. Qxa6 Rc7 39. Qa8+ Rc8 40. Qa4+ Qc6 41. Qb3
Be7 42. Re1 Bg5 43. Nd3 Qc4 44. Qa4+ Kf8 45. Re2 Kg7 46. Qd7+
Kg8 47. Qxd6 Rf8 48. Qd5+ Qxd5 49. exd5 Bf6 50. Re4 Bg7
51. Nxb4 Kf7 52. c4 Kf6 53. c5 Kf5 54. Re1 Rb8 55. a3 e4
56. Kc2 Rb5 57. c6 Rc5+ 58. Kb3 Rc3+ 59. Ka4 Be5 60. Re2 e3
61. Nc2 Ke4 62. Rxe3+ Rxe3 63. Nxe3 Kxe3 64. Kb5 Kd4 65. Kb6
1-0

[Event "Airthings Masters"]
[Site "chess24.com INT"]
[Date "2020.12.28"]
[EventDate "2020.12.26"]
[Round "10.1"]
[Result "1/2-1/2"]
[White "Maxime Vachier-Lagrave"]
[Black "Teimour Radjabov"]
[WhiteElo "2784"]
[BlackElo "2765"]
[PlyCount "119"]

1. e4 c5 2. Nf3 Nc6 3. Bb5 e6 4. b3 d6 5. Bxc6+ bxc6 6. e5 Ne7
7. exd6 Ng6 8. Na3 Bxd6 9. d3 O-O 10. O-O f6 11. Nc4 Bc7
12. Ba3 Qd5 13. d4 Rd8 14. Bxc5 e5 15. Re1 Nf4 16. Ne3 Qf7
17. Nh4 Be6 18. Qf3 exd4 19. Nef5 Be5 20. Ne7+ Kh8 21. Nxc6
Bd5 22. Nxd8 Rxd8 23. Qg4 h5 24. Qxf4 Bxf4 25. Re7 Bxh2+
26. Kxh2 Qg8 27. Rae1 Qh7 28. Bxd4 Qxc2 29. R1e2 Qd3 30. Bxa7
Bc6 31. R2e3 Qd6+ 32. Rg3 Rg8 33. Be3 g6 34. Ra7 Be4 35. f4
Rg7 36. Ra4 Qe6 37. Bd4 Kh7 38. Ra5 Qd6 39. Be3 Qe6 40. Rc5
Qd6 41. b4 Rd7 42. a4 Qd1 43. Rc4 Qb1 44. Bc1 Bc2 45. Rgc3
Bxa4 46. Rc8 Qxb4 47. R3c4 Qb5 48. f5 g5 49. Ng6 Qxf5 50. Nf8+
Kg7 51. Nxd7 Bxd7 52. R8c5 Qe6 53. Rd4 Kg6 54. Bxg5 fxg5
55. Rcd5 Qe1 56. Rxd7 Qe5+ 57. Kh1 Qe1+ 58. Kh2 Qe5+ 59. Kh1
Qe1+ 60. Kh2 1/2-1/2

[Event "Airthings Masters"]
[Site "chess24.com INT"]
[Date "2020.12.28"]
[EventDate "2020.12.26"]
[Round "11.1"]
[Result "0-1"]
[White "Alexander Grischuk"]
[Black "Maxime Vachier-Lagrave"]
[WhiteElo "2777"]
[BlackElo "2784"]
[PlyCount "109"]

1. e4 c5 2. Nf3 d6 3. Bb5+ Nd7 4. d4 cxd4 5. Qxd4 a6 6. Be2
Ngf6 7. O-O g6 8. e5 dxe5 9. Nxe5 Bg7 10. Bf4 O-O 11. Rd1 Qb6
12. Qxb6 Nxb6 13. Nc3 Bf5 14. Bf3 Nh5 15. Be3 Bxe5 16. Bxb6
Nf6 17. Re1 Nd7 18. Ba5 Rab8 19. Rad1 Rfe8 20. Be4 Be6 21. Bd5
Bxc3 22. Bxc3 Bxd5 23. Rxd5 Nb6 24. Rd4 Rbc8 25. Rb4 Nd5
26. Rxb7 Nxc3 27. bxc3 Rxc3 28. Rexe7 Rxe7 29. Rxe7 Rxc2
30. g3 Rxa2 31. h4 h5 32. Ra7 a5 33. Kg2 a4 34. Kf3 Kg7
35. Ra6 a3 36. Kg2 Ra1 37. Kf3 Kf8 38. Ra7 Ke8 39. Kg2 f6
40. Ra6 Kf7 41. Kf3 Ra2 42. Ke3 g5 43. hxg5 fxg5 44. Ra5 Ra1
45. Kf3 g4+ 46. Kf4 a2 47. Kg5 Ke6 48. Ra8 Ke5 49. Re8+ Kd4
50. Re2 Kd3 51. Rb2 Ke4 52. Re2+ Kf3 53. Rb2 Kg2 54. Rc2 Rf1
55. Rb2 0-1